| 000 | 00859nam a22002657a 4500 | ||
|---|---|---|---|
| 999 |
_c13466 _d13466 |
||
| 003 | AR-CdUCM | ||
| 008 | 190415b ||||| |||| 00| 0 spa d | ||
| 040 |
_aMUNICIPALIDAD PROVINCIAL DEL CUSCO _cBIBLIOTECA MUNICIPAL DEL CUSCO |
||
| 041 | _hfre | ||
| 082 |
_a848.8 / _bP51 / 1942 |
||
| 100 |
_aPhilippe ,Charles Louis _931891 |
||
| 245 | _aLa madre y el niño / | ||
| 260 |
_aBuenos Aires : _bEdiciones Imán, _c1942. |
||
| 300 |
_a171 páginas ; _c18 cm. |
||
| 440 |
_aProsistas Europeos Contemporáneos. _931892 |
||
| 505 | _aContenido: Novelas. | ||
| 650 |
_aLiteratura Francesa _9614 |
||
| 650 |
_aSiglo XX _98 |
||
| 650 |
_aNovela _95 |
||
| 700 |
_aEtchedehere, Mika (traducción) _931893 |
||
| 700 |
_aMuñoz, Gori (ilustración) _931894 |
||
| 700 |
_aCondesa de Noailles (prólogo) _931895 |
||
| 942 |
_2ddc _cLIBROS |
||
| 945 |
_aachl _d2019-04-15 |
||